| 000 | nam a22 7a 4500 | ||
|---|---|---|---|
| 999 |
_c128956 _d128956 |
||
| 008 | 190212b xxu||||| |||| 00| 0 eng d | ||
| 050 | _aBX2179.L9 D691 | ||
| 100 |
_aDoody, T.F. _944540 |
||
| 245 |
_aInigo _ban eight -day retreat according to the Spiritual Exercises of St. Ignatius _cT.F. Dooby |
||
| 260 |
_aHong KOng _bWah Yan College _c1977 |
||
| 300 |
_axi, 379p. ; _c21cm. |
||
| 650 |
_aSpiritual Exercises _xCommentaries _922868 |
||
| 942 |
_2lcc _cMONOGRAPH |
||